| 000 | 00505nam a2200145 a 4500 | ||
|---|---|---|---|
| 008 | 120416s1973 ||||||||||||||||| || u | ||
| 050 | _aB 5679.Z352.H85 Mee | ||
| 100 | _aMeebelo, Henry S | ||
| 245 | 1 | 0 | _aMain currents of Zambian humanist thought |
| 260 |
_aLusaka _bOUP _c1973 |
||
| 300 | _axiv, 127p. | ||
| 350 | _a0.00 | ||
| 650 | _aPHILOSOPHY | ||
| 995 |
_D0.00 _FCBU-MAIN LIBRARY (Kitwe) _H1 _I4.75 _M1 _UDAMAGED _ZMain Library Open Access Collection |
||
| 999 |
_c49676 _d49676 |
||